000
00308nam a22001337a 4500
008
170619b xxu||||| |||| 00| 0 eng d
020
_a
0130651524
041
_a
eng
080
_a
32
100
_a
20
101
_a
SHP
245
_a
BASIC METHODS OF POLICY ANALYSIS& PLANNING
_c
PATTON,C.V
942
_2
udc
_c
BK
999
_c
18024
_d
18024